000 01480cam a22003372u 4500
001
003 DO-SdBNP
005 20220420124714.0
008
020 _a9788499087894
040 _aBPMSU
_bspa
_cBPMSU
082 _a894.35
_bP186m 2011
_222
100 1 _aPamuk, Orhan
_d1952-
_0
245 1 3 _aEl museo de la inocencia /
_cOrhan Pamuk ; traducción de Rafael Carpintero.
260 _aBarcelona :
_bMondadori,
_c2011
300 _a648 p. ;
_b19 cm.
490 0 _aContemporánea
500 _a Incluye índice.
520 _aEl museo de la inocencia es un catálogo novelado en el que cada objeto es un instante de esa gran historia de amor. Es también una visita guiada por los cambios que han convulsionado a la sociedad de Estambul desde los años setenta hasta el día de hoy. Pero, sobre todo, es una exhibición de talento a cargo de un escritor que, como su personaje, se ha dedicado durante los últimos años a construir un museo dedicado a una de las más deslumbrantes historias de amor de la literatura contemporánea.
530 _a
534 _aTítulo original :
_tMasumiyet Muzesi.
586 _aPremio Nobel de Literatura 2006
590 _6Inventariado, 2022/VM
650 4 _aNovela turca.
651 4 _aEstambul (Turquía)
_vNovela.
653 _aFicción moderna y contemporánea
653 _aNarrativa romántica
700 1 _aCarpintero Ortega, Rafael
_d1962-
_etraductor
_4
910 _aVMateo V.
942 _2ddc
_cBK
999 _c14156
_d14156